| 000 | 01213cab a22002415a 4500 | ||
|---|---|---|---|
| 001 | L145450 | ||
| 008 | 081010s2008 xxk f v 000 0 eng d | ||
| 035 | _a(Sirsi) u145450 | ||
| 041 | 0 | _aeng | |
| 100 | 1 | _aWebb, Phil | |
| 245 | 0 | 0 |
_aShades of green _bthe future for leases |
| 260 | _c2008 | ||
| 490 | 0 |
_aLovells Real Estate Quarterly _vAutumn 2008, 4-5(2) |
|
| 520 | _aExplains what a green lease is and the different types of green leases. Highlights the nature of green obligations and discusses the prospects for green commercial leases in light of the credit crunch. Concludes that there are outstanding issues which need to be resolved before a market standard for such leases can be created. | ||
| 590 | _aKA | ||
| 650 | 2 | 4 | _aBRE ENVIRONMENTAL ASSESSMENT METHOD (BREEAM) |
| 650 | 2 | 4 | _aENERGY PERFORMANCE CERTIFICATES |
| 650 | 2 | 4 | _aGOOD PRACTICE GUIDE FOR INCORPORATING ENVIRONMENTAL BEST PRACTICE INTO COMMERCIAL LEASE AGREEMENTS |
| 651 | 4 |
_aEngland and Wales _y1543- |
|
| 690 | _aPROPERTY-COMMERCIAL PROPERTY-LEASEHOLD COMMERCIAL PROPERTY-COMMERCIAL LANDLORD AND TENANT-COMMERCIAL LEASES | ||
| 690 | _aENVIRONMENTAL AND LAND CONSULTANCY-SUSTAINABILITY-SUSTAINABLE DEVELOPMENT | ||
| 942 | _n0 | ||
| 999 |
_c80816 _d80816 |
||